[Event "40 Nezhmetdinov Memorial"]
[Site "Kazan"]
[Date "2018.09.19"]
[Round "7.38"]
[White "Efremov, Vladislav"]
[Black "Gabitov, Bulat"]
[Result "1-0"]
[WhiteElo "2095"]
[BlackElo "1998"]
[PlyCount "91"]
[EventDate "2018.09.13"]

1. d4 Nf6 2. c4 e6 3. Nf3 Bb4+ 4. Bd2 Qe7 5. g3 b6 6. Bg2 Bb7 7. O-O O-O 8. Bf4
Bd6 9. Be5 Bxe5 10. dxe5 Ne4 11. Qc2 Na6 12. a3 d5 13. exd6 Nxd6 14. Nc3 Rfd8
15. Rfd1 Rab8 16. Ne5 Bxg2 17. Kxg2 c5 18. Qa4 Qb7+ 19. Kg1 Rbc8 20. Rd3 Nb8
21. Rad1 Qe7 22. Nb5 Nxb5 23. cxb5 f6 24. Nc6 Nxc6 25. bxc6 Rxd3 26. Rxd3 Rd8
27. Rd7 Rxd7 28. cxd7 Kf7 29. Qc6 Qd8 30. Qd6 g6 31. Kf1 a6 32. e3 b5 33. Ke2
a5 34. Kd3 f5 35. h4 Kf6 36. f3 Kf7 37. e4 c4+ 38. Kc2 b4 39. a4 fxe4 40. fxe4
h6 41. e5 g5 42. hxg5 hxg5 43. g4 b3+ 44. Kc3 Qa8 45. d8=Q Qf3+ 46. Kxc4 1-0

[Event "40 Nezhmetdinov Memorial"]
[Site "Kazan"]
[Date "2018.09.19"]
[Round "7.39"]
[White "Sairanov, Talgat"]
[Black "Grekhov, Luka"]
[Result "1-0"]
[WhiteElo "2077"]
[BlackElo "1914"]
[PlyCount "75"]
[EventDate "2018.09.13"]

1. c4 e5 2. Nc3 Nf6 3. Nf3 Nc6 4. g3 d5 5. cxd5 Nxd5 6. Bg2 Nb6 7. O-O Be7 8.
d3 O-O 9. a3 a5 10. Be3 Be6 11. Rc1 Nd5 12. Bd2 Nxc3 13. Bxc3 f6 14. Qa4 Qd7
15. Rfe1 Rab8 16. Qb5 b6 17. Bd2 Bc5 18. Be3 Nd4 19. Qxd7 Bxd7 20. Bxd4 exd4
21. Nd2 Bd6 22. Bd5+ Kh8 23. Bc6 Rf7 24. Bxd7 Rxd7 25. Rc6 Re8 26. Kf1 g5 27.
Ne4 Re6 28. Rec1 Rde7 29. Nxd6 cxd6 30. R1c2 d5 31. Rxe6 Rxe6 32. Rc7 Rd6 33.
b4 b5 34. Rc5 axb4 35. axb4 Ra6 36. Rxd5 Ra4 37. Rxb5 Kg7 38. g4 1-0

[Event "40 Nezhmetdinov Memorial"]
[Site "Kazan"]
[Date "2018.09.19"]
[Round "7.40"]
[White "Asatryan, Gor"]
[Black "Kurinov, Mikhail"]
[Result "1-0"]
[WhiteElo "2072"]
[BlackElo "1766"]
[PlyCount "59"]
[EventDate "2018.09.13"]

1. e4 c5 2. Nf3 e6 3. Nc3 a6 4. d4 cxd4 5. Nxd4 Qc7 6. Bd3 Nc6 7. Nxc6 dxc6 8.
O-O e5 9. a4 Nf6 10. Be3 b6 11. h3 Bd6 12. Qe2 O-O 13. Rad1 Bb7 14. Bc4 Be7 15.
f4 b5 16. fxe5 Qxe5 17. Rf5 Qc7 18. e5 Ne8 19. Bb3 Bc8 20. Rxf7 Rxf7 21. Qf2
Nf6 22. exf6 Bxf6 23. Bb6 Qb7 24. Ne4 Bf5 25. Nd6 Qb8 26. Nxf5 bxa4 27. Rd8+
Qxd8 28. Bxf7+ Kxf7 29. Bxd8 Rxd8 30. Qa7+ 1-0

[Event "40 Nezhmetdinov Memorial"]
[Site "Kazan"]
[Date "2018.09.19"]
[Round "7.41"]
[White "Garmash, Aliona"]
[Black "Yakimova, Mariya"]
[Result "1-0"]
[WhiteElo "2067"]
[BlackElo "1882"]
[PlyCount "75"]
[EventDate "2018.09.13"]

1. d4 f5 2. Nf3 Nf6 3. Bf4 g6 4. e3 Bg7 5. Be2 d6 6. h3 O-O 7. c4 Qe8 8. O-O
Nbd7 9. Nc3 c6 10. Bh2 b6 11. Ng5 e5 12. dxe5 dxe5 13. Qd6 Bb7 14. Ne6 Rf7 15.
Rad1 Rc8 16. Nxg7 Kxg7 17. b4 c5 18. f3 Rc6 19. Qd2 cxb4 20. Nb5 Qb8 21. Qxb4
Nc5 22. Rd2 Rd7 23. Rfd1 a6 24. Nd4 Rc8 25. Qxb6 Kf7 26. Nb3 Rxd2 27. Rxd2 Ncd7
28. Qb4 Qa7 29. c5 f4 30. Bc4+ Kg7 31. exf4 Nxc5 32. Kf1 e4 33. Bg1 Nxb3 34.
axb3 e3 35. Qe7+ Kh6 36. Bxe3 Qa8 37. f5+ Kh5 38. Qxf6 1-0

[Event "40 Nezhmetdinov Memorial"]
[Site "Kazan"]
[Date "2018.09.19"]
[Round "7.42"]
[White "Mochalin, Faddey"]
[Black "Smorodkin, Kirill"]
[Result "1-0"]
[WhiteElo "2100"]
[BlackElo "1875"]
[PlyCount "91"]
[EventDate "2018.09.13"]

1. d4 d5 2. c4 c6 3. Nc3 Nf6 4. e3 Bf5 5. cxd5 cxd5 6. Qb3 Nc6 7. Qxb7 Bd7 8.
Qb3 Rb8 9. Qd1 e5 10. dxe5 Nxe5 11. Nge2 Bd6 12. Nf4 Bc6 13. Be2 O-O 14. O-O
Ng6 15. Nxg6 hxg6 16. b3 Qe7 17. Bb2 Rfd8 18. Rc1 Be5 19. Qc2 Rbc8 20. Bf3 Qe6
21. Qe2 Qd6 22. g3 Qd7 23. Rfd1 Qb7 24. Na4 Bxb2 25. Nxb2 Bb5 26. Qd2 Bc6 27.
Qd4 Re8 28. Nd3 Ne4 29. Nc5 Qe7 30. Nxe4 dxe4 31. Bg4 Rcd8 32. Qc3 Bd5 33. Qc5
Qg5 34. Be2 Rc8 35. Qxc8 Rxc8 36. Rxc8+ Kh7 37. Rc5 Qf6 38. Rcxd5 Qb2 39. R5d2
Qc3 40. Bc4 Qf6 41. Rd7 Qf3 42. Bxf7 Kh6 43. h4 Qf6 44. Rd8 Kh7 45. Bg8+ Kh6
46. Be6 1-0

[Event "40 Nezhmetdinov Memorial"]
[Site "Kazan"]
[Date "2018.09.19"]
[Round "7.43"]
[White "Nikolaev, Matvei"]
[Black "Kuzmin, Roman"]
[Result "0-1"]
[WhiteElo "1807"]
[BlackElo "2053"]
[PlyCount "58"]
[EventDate "2018.09.13"]

1. e4 e5 2. Nf3 Nc6 3. Bb5 a6 4. Ba4 d6 5. c3 Bd7 6. O-O g6 7. d4 Bg7 8. Bg5
Nge7 9. dxe5 dxe5 10. Qc1 O-O 11. Bh6 b5 12. Bxg7 Kxg7 13. Bc2 Nc8 14. a4 Nb6
15. axb5 axb5 16. Na3 Bg4 17. Nxb5 Rxa1 18. Qxa1 Bxf3 19. gxf3 Qg5+ 20. Kh1 Qf4
21. Bd1 Ra8 22. Qb1 Nc4 23. Rg1 Rb8 24. Be2 Rxb5 25. Bxc4 Qxf3+ 26. Rg2 Rb8 27.
Kg1 Qxc3 28. b3 Qxc4 29. Rg3 Nd4 0-1

[Event "40 Nezhmetdinov Memorial"]
[Site "Kazan"]
[Date "2018.09.19"]
[Round "7.44"]
[White "Pingin, Artem"]
[Black "Kopylov, Artem"]
[Result "1/2-1/2"]
[WhiteElo "2019"]
[BlackElo "1779"]
[PlyCount "80"]
[EventDate "2018.09.13"]

1. e4 c5 2. Nf3 e6 3. d4 cxd4 4. Nxd4 Nf6 5. Nc3 d6 6. g4 Nc6 7. g5 Nd7 8. h4
Be7 9. Be3 a6 10. a3 Qc7 11. h5 Na5 12. f4 Nb6 13. Qd3 Nac4 14. O-O-O Nxe3 15.
Qxe3 Bd7 16. Kb1 Rc8 17. Rh2 Nc4 18. Bxc4 Qxc4 19. f5 Kd8 20. Rd3 Rc7 21. fxe6
fxe6 22. Nb3 Qc6 23. Re2 Kc8 24. Qa7 b5 25. Qe3 Kb8 26. Na2 Qb7 27. Nd4 Rc5 28.
Nf3 Qa7 29. Nc3 Rf8 30. Qd2 Rcc8 31. Re1 Qc5 32. e5 d5 33. Nd4 Qc7 34. Nd1 Ka7
35. Rg3 Qb6 36. c3 Bc5 37. Nb3 Be7 38. Nd4 Bc5 39. Nb3 Be7 40. Nd4 Bc5 1/2-1/2

[Event "40 Nezhmetdinov Memorial"]
[Site "Kazan"]
[Date "2018.09.19"]
[Round "7.45"]
[White "Khusnutdinov, Abdul"]
[Black "Novikov, Roman"]
[Result "1/2-1/2"]
[WhiteElo "1724"]
[BlackElo "1992"]
[PlyCount "98"]
[EventDate "2018.09.13"]

1. d4 Nf6 2. Nf3 c5 3. d5 b5 4. Bg5 d6 5. Bxf6 exf6 6. e4 Qb6 7. Nbd2 g6 8. c3
Bg7 9. a4 bxa4 10. Qxa4+ Bd7 11. Qc2 f5 12. Bd3 fxe4 13. Nxe4 O-O 14. O-O Bf5
15. Rfe1 Qc7 16. Ned2 Bxd3 17. Qxd3 Nd7 18. Nc4 Rfd8 19. Na5 Ne5 20. Nxe5 dxe5
21. c4 Rd6 22. Qc2 f5 23. Nc6 e4 24. Qb3 g5 25. Qg3 h6 26. Ra6 f4 27. Qa3 Qb7
28. Rxe4 Bxb2 29. Qa2 Bf6 30. h3 Kf7 31. Rxa7 Rxa7 32. Qxa7 Qxa7 33. Nxa7 Ra6
34. Nb5 Ra1+ 35. Kh2 Ra2 36. f3 Ra1 37. h4 Be7 38. hxg5 hxg5 39. d6 Bd8 40. Re5
Rd1 41. Rxc5 Bb6 42. Rxg5 Kf6 43. Rh5 Kg6 44. Rh8 Bf2 45. Rg8+ Kf5 46. Rg7 Bg1+
47. Kh3 Bf2 48. g4+ fxg3 49. d7 Rh1+ 1/2-1/2

[Event "40 Nezhmetdinov Memorial"]
[Site "Kazan"]
[Date "2018.09.19"]
[Round "7.46"]
[White "Nikolaeva, Ksenya"]
[Black "Semenova, Anastasia"]
[Result "1/2-1/2"]
[WhiteElo "1874"]
[BlackElo "1775"]
[PlyCount "109"]
[EventDate "2018.09.13"]

1. e4 e5 2. Nf3 Nf6 3. Nxe5 d6 4. Nf3 Nxe4 5. d4 d5 6. Bd3 Bd6 7. O-O O-O 8. c4
c6 9. Nc3 Nxc3 10. bxc3 dxc4 11. Bxc4 Bf5 12. h3 Nd7 13. Bg5 Qa5 14. Qd2 Nb6
15. Bb3 Nd5 16. Nh4 Bd7 17. c4 Qxd2 18. Bxd2 Nf4 19. Rfe1 Rae8 20. Nf3 Bf5 21.
c5 Bc7 22. Re3 Ne2+ 23. Kf1 Rxe3 24. Bxe3 Bd3 25. Ke1 Ba5+ 26. Bd2 Bc7 27. Be3
Ba5+ 28. Bd2 Bc7 29. Rd1 Re8 30. Be3 Ba5+ 31. Kf1 Ng3+ 32. Kg1 Be2 33. Rb1 Bd3
34. Ra1 Ne2+ 35. Kh2 Bc7+ 36. Ne5 Kf8 37. f4 f6 38. Nxd3 Rxe3 39. Rd1 Nxd4 40.
Bc4 g5 41. Kg1 gxf4 42. Nxf4 Bxf4 43. Rxd4 Re1+ 44. Kf2 Be3+ 45. Kxe1 Bxd4 46.
Bd3 h6 47. Bf5 Bxc5 48. Ke2 Bd6 49. Bc8 b6 50. Bd7 c5 51. Kd3 Ke7 52. Bf5 Be5
53. Kc4 Kd6 54. Bc8 Bg3 55. Kb5 1/2-1/2

[Event "40 Nezhmetdinov Memorial"]
[Site "Kazan"]
[Date "2018.09.19"]
[Round "7.47"]
[White "Ismailov, Amir"]
[Black "Makov, Artem"]
[Result "0-1"]
[WhiteElo "1716"]
[BlackElo "1818"]
[PlyCount "100"]
[EventDate "2018.09.13"]

1. d4 Nf6 2. Nf3 g6 3. c4 Bg7 4. Nc3 d5 5. cxd5 Nxd5 6. e4 Nxc3 7. bxc3 O-O 8.
Bc4 c5 9. O-O Nc6 10. Be3 Bg4 11. d5 Ne5 12. Be2 Bxf3 13. Bxf3 Nxf3+ 14. Qxf3
b6 15. Rab1 Qd7 16. c4 Qa4 17. Qe2 Rab8 18. Rb3 Rfe8 19. Bf4 Rbd8 20. e5 Qd7
21. Rh3 Qf5 22. Qe3 Qc2 23. Bh6 Bh8 24. e6 f6 25. Qf4 g5 26. Bxg5 Bg7 27. Bh6
Bxh6 28. Qxh6 Kh8 29. Qf4 Rg8 30. Rc1 Qxa2 31. Rcc3 Qa1+ 32. Qc1 Qxc1+ 33. Rxc1
Rg4 34. Ra3 Ra8 35. h3 Rd4 36. Ra6 f5 37. Rca1 Rxc4 38. Rxa7 Rc1+ 39. Rxc1 Rxa7
40. Re1 Ra8 41. Re5 c4 42. Kf1 c3 43. Ke2 b5 44. Rxf5 b4 45. d6 exd6 46. Rd5 b3
47. Rxd6 Ra2+ 48. Kf3 Kg7 49. Rd8 Kf6 50. Rc8 b2 0-1

[Event "40 Nezhmetdinov Memorial"]
[Site "Kazan"]
[Date "2018.09.19"]
[Round "7.48"]
[White "Norkin, Yaks"]
[Black "Khanukaev, Mark"]
[Result "1-0"]
[WhiteElo "1752"]
[BlackElo "1182"]
[PlyCount "65"]
[EventDate "2018.09.13"]

1. e4 e5 2. Nf3 Nc6 3. d4 exd4 4. Nxd4 Nf6 5. Nxc6 bxc6 6. Bd3 d5 7. exd5 cxd5
8. O-O Be7 9. c4 c6 10. cxd5 cxd5 11. Be3 O-O 12. Nc3 Rb8 13. Bxa7 Rxb2 14. Bd4
Rb4 15. Ne2 Bg4 16. f3 Be6 17. Qc2 h6 18. Kh1 Qd7 19. a4 Rc8 20. Qa2 Ra8 21. a5
Bf5 22. Bxf5 Qxf5 23. a6 Qd3 24. Rfd1 Qc4 25. a7 Nd7 26. Rdc1 Qxa2 27. Rxa2 Rc4
28. Rb1 Bc5 29. Bxc5 Rxc5 30. Rb7 Nf6 31. Rb8+ Rc8 32. Rxc8+ Rxc8 33. a8=Q 1-0

[Event "40 Nezhmetdinov Memorial"]
[Site "Kazan"]
[Date "2018.09.19"]
[Round "7.50"]
[White "Razhbadinov, Rasul"]
[Black "Khabibullin, Ruslan"]
[Result "0-1"]
[WhiteElo "1516"]
[BlackElo "1517"]
[PlyCount "70"]
[EventDate "2018.09.13"]

1. e4 c6 2. d4 d5 3. e5 c5 4. dxc5 Nc6 5. Bb5 e6 6. Be3 Nge7 7. Nf3 Nf5 8. Nd4
Nfxd4 9. Bxd4 Qa5+ 10. Nc3 Bd7 11. Bxc6 Bxc6 12. a3 Be7 13. O-O O-O 14. b4 Qc7
15. Rb1 b6 16. cxb6 axb6 17. Rb3 Ra7 18. Qf3 Rfa8 19. Ra1 Ba4 20. Nxa4 Rxa4 21.
Qc3 Qc4 22. g3 Rc8 23. Qxc4 Rxc4 24. Rc3 Rxd4 25. Rc6 Rdxb4 26. axb4 Rxa1+ 27.
Kg2 Bxb4 28. Rxb6 Bf8 29. Rc6 Rc1 30. Kf3 g6 31. Ke2 Bb4 32. h4 Re1+ 33. Kd3
Rxe5 34. c4 dxc4+ 35. Rxc4 Be1 0-1

[Event "40 Nezhmetdinov Memorial"]
[Site "Kazan"]
[Date "2018.09.19"]
[Round "7.51"]
[White "Muldiarov, Valerij"]
[Black "Rafikov, Danis"]
[Result "1-0"]
[WhiteElo "1737"]
[BlackElo "1307"]
[PlyCount "59"]
[EventDate "2018.09.13"]

1. c4 e6 2. Nc3 d5 3. d4 Nf6 4. Bg5 Be7 5. e3 Nbd7 6. Nf3 h6 7. Bh4 c6 8. Qc2
Nh5 9. Bg3 Nxg3 10. hxg3 Nf6 11. Ne5 O-O 12. g4 Nd7 13. O-O-O Nxe5 14. dxe5 Qc7
15. f4 f6 16. exf6 Bxf6 17. Bd3 d4 18. Bh7+ Kh8 19. g5 dxc3 20. gxf6 cxb2+ 21.
Kb1 Rxf6 22. g4 b6 23. g5 hxg5 24. fxg5 Rf8 25. Rh4 Qg3 26. Rdh1 g6 27. Bxg6+
Kg7 28. Rh7+ Kg8 29. Rh8+ Kg7 30. R1h7# 1-0

[Event "40 Nezhmetdinov Memorial"]
[Site "Kazan"]
[Date "2018.09.19"]
[Round "7.52"]
[White "Lazarev, Artem"]
[Black "Fonichkin, Egor"]
[Result "1-0"]
[WhiteElo "1671"]
[BlackElo "1692"]
[PlyCount "73"]
[EventDate "2018.09.13"]

1. e4 d6 2. d4 Nf6 3. Nc3 c6 4. Bd3 e5 5. Nge2 Be7 6. O-O O-O 7. h3 a6 8. a4 b6
9. f4 Qc7 10. dxe5 dxe5 11. f5 c5 12. Bc4 Bb7 13. Nd5 Nxd5 14. Bxd5 Nd7 15. c4
Nf6 16. Nc3 Rad8 17. Qe2 Rd7 18. Qf3 Rb8 19. Be3 Rbd8 20. Rad1 Bc6 21. b3 Bb7
22. Kh1 Bc6 23. Rd2 Bb7 24. g4 Bxd5 25. exd5 Ne8 26. g5 f6 27. Ne4 fxg5 28.
Bxg5 Nf6 29. h4 Nxe4 30. Qxe4 h6 31. Bxe7 Rxe7 32. Rg2 Kh8 33. f6 gxf6 34. Qg6
Rg7 35. Qxh6+ Kg8 36. Rxg7+ Qxg7 37. Rg1 1-0

[Event "40 Nezhmetdinov Memorial"]
[Site "Kazan"]
[Date "2018.09.19"]
[Round "7.53"]
[White "Guzhova, Amina"]
[Black "Salimova, Dinara"]
[Result "1/2-1/2"]
[WhiteElo "1554"]
[BlackElo "1467"]
[PlyCount "100"]
[EventDate "2018.09.13"]

1. d4 e6 2. Bf4 c5 3. e3 Nc6 4. c3 cxd4 5. exd4 d5 6. Nf3 Nf6 7. Nbd2 Bd6 8.
Bxd6 Qxd6 9. Bd3 O-O 10. O-O Re8 11. Re1 b6 12. Ne5 Bb7 13. Ndf3 h6 14. Rc1
Rac8 15. Nxc6 Bxc6 16. Ne5 Bb7 17. Qf3 Rf8 18. Qe2 Ne4 19. f3 Nf6 20. Qe3 Rfd8
21. Qf4 Qe7 22. Qh4 Rc7 23. Ng4 Nxg4 24. Qxg4 Qd6 25. Re5 Re7 26. Rce1 Bc8 27.
Qg3 a6 28. f4 Rde8 29. R5e3 b5 30. a3 Bd7 31. f5 Qxg3 32. hxg3 Kf8 33. g4 exf5
34. Rxe7 Rxe7 35. Rxe7 Kxe7 36. gxf5 Kf6 37. g4 g6 38. fxg6 fxg6 39. Be2 Kg5
40. Bf3 Be6 41. Kg2 Kf4 42. Kf2 Kg5 43. Kg3 Kf6 44. Kf4 g5+ 45. Ke3 Ke7 46. Kd2
Kd6 47. b3 Kc7 48. Kc2 Kb6 49. Kb2 Bf7 50. Be2 Be6 1/2-1/2

[Event "40 Nezhmetdinov Memorial"]
[Site "Kazan"]
[Date "2018.09.20"]
[Round "8.11"]
[White "Maiorov, Nikita"]
[Black "Yankelevich, Lev"]
[Result "1-0"]
[WhiteElo "2512"]
[BlackElo "2431"]
[PlyCount "58"]
[EventDate "2018.09.13"]

1. d4 Nf6 2. c4 g6 3. g3 c6 4. Bg2 d5 5. Nf3 Bg7 6. cxd5 cxd5 7. Nc3 Ne4 8.
Qa4+ Nc6 9. Ne5 Bd7 10. Nxd7 Nxc3 11. bxc3 Qxd7 12. Rb1 Rd8 13. e3 O-O 14. c4
dxc4 15. Qxc4 Rc8 16. Qb5 Rfd8 17. O-O b6 18. Bd2 e6 19. Rfc1 Ne7 20. Qxd7 Rxd7
21. Rxc8+ Nxc8 22. Rc1 Ne7 23. Be1 f5 24. Kf1 e5 25. dxe5 Bxe5 26. h3 h5 27.
Ke2 Kf7 28. f4 Bd6 29. Kf3 Bb8 1-0

[Event "40 Nezhmetdinov Memorial"]
[Site "Kazan"]
[Date "2018.09.20"]
[Round "8.12"]
[White "Gaifullin, Artur"]
[Black "Khanin, Semen"]
[Result "0-1"]
[WhiteElo "2454"]
[BlackElo "2507"]
[PlyCount "76"]
[EventDate "2018.09.13"]

1. Nf3 d5 2. c4 d4 3. b4 g5 4. Bb2 Bg7 5. e3 e5 6. Qc2 Ne7 7. Nxg5 O-O 8. Qd3
Bf5 9. e4 Bc8 10. Qb3 a5 11. b5 Ng6 12. Nf3 f5 13. d3 a4 14. Qc2 fxe4 15. dxe4
Bg4 16. Ba3 Bxf3 17. Bxf8 Bxf8 18. gxf3 Bb4+ 19. Kd1 Qf6 20. Be2 Nd7 21. c5 Kh8
22. c6 d3 23. Qxd3 bxc6 24. Qc4 c5 25. a3 Nb6 26. Qc2 Ba5 27. Nc3 Rd8+ 28. Ke1
Nh4 29. Rd1 Rg8 30. Rd3 c4 31. Re3 Ng2+ 32. Kd1 Nxe3+ 33. fxe3 Qd6+ 34. Nd5
Qxa3 35. Nxb6 cxb6 36. Bxc4 Qa1+ 37. Qc1 Qxc1+ 38. Kxc1 Rc8 0-1

[Event "40 Nezhmetdinov Memorial"]
[Site "Kazan"]
[Date "2018.09.20"]
[Round "8.13"]
[White "Mokshanov, Alexey"]
[Black "Gabrielian, Artur"]
[Result "1-0"]
[WhiteElo "2439"]
[BlackElo "2503"]
[PlyCount "83"]
[EventDate "2018.09.13"]

1. e4 c5 2. Nf3 d6 3. Bb5+ Nc6 4. Bxc6+ bxc6 5. O-O Bg4 6. d3 e6 7. Nbd2 Nf6 8.
c3 Nd7 9. h3 Bh5 10. Re1 Be7 11. Nf1 O-O 12. Ng3 Bg6 13. b3 a5 14. d4 d5 15.
Ba3 a4 16. c4 axb3 17. axb3 dxe4 18. Nxe4 cxd4 19. Bxe7 Qxe7 20. Nxd4 Bxe4 21.
Rxe4 Nf6 22. Re1 Qc5 23. Rxa8 Rxa8 24. Nc2 Qb6 25. b4 Rd8 26. Qe2 h6 27. Rd1
Ra8 28. Qd3 e5 29. Qf5 Qc7 30. Ne3 Qb6 31. Qxe5 Qxb4 32. Nf5 Qxc4 33. Nxh6+ Kh7
34. Nf5 Qe4 35. Qc5 Nd5 36. Qxc6 Ra5 37. Ne3 Nf6 38. Qc7 Rg5 39. Qxf7 Nh5 40.
Rd5 Qb1+ 41. Kh2 Qb8+ 42. g3 1-0

[Event "40 Nezhmetdinov Memorial"]
[Site "Kazan"]
[Date "2018.09.20"]
[Round "8.14"]
[White "Yangutov, Aleksey"]
[Black "Hasangatin, Ramil"]
[Result "0-1"]
[WhiteElo "2159"]
[BlackElo "2490"]
[PlyCount "79"]
[EventDate "2018.09.13"]

1. d4 d6 2. Nf3 Bg4 3. e3 Nf6 4. Be2 Nbd7 5. c4 c6 6. Nc3 e5 7. O-O Be7 8. b3
O-O 9. Bb2 Re8 10. h3 Bh5 11. dxe5 dxe5 12. Nh4 Bxe2 13. Qxe2 Qc7 14. Nf5 Bf8
15. Rfd1 a5 16. Na4 Rad8 17. Qf3 g6 18. Ng3 Bg7 19. e4 Nf8 20. Qc3 N6d7 21. Ba3
b6 22. Bd6 Qa7 23. c5 b5 24. Nb2 Ne6 25. Nd3 Bf8 26. Bxf8 Nexf8 27. a3 Qc7 28.
b4 a4 29. Ne2 Nf6 30. f3 Rd7 31. Nf2 Red8 32. Rxd7 Rxd7 33. Rd1 Rxd1+ 34. Nxd1
Ne8 35. Nf2 Nd7 36. Qd3 Kf8 37. Qd2 Ke7 38. Ng4 h5 39. Ne3 Ke6 40. g3 0-1

[Event "40 Nezhmetdinov Memorial"]
[Site "Kazan"]
[Date "2018.09.20"]
[Round "8.15"]
[White "Usmanov, Vasily"]
[Black "Sadykov, Ramil"]
[Result "0-1"]
[WhiteElo "2470"]
[BlackElo "2364"]
[PlyCount "90"]
[EventDate "2018.09.13"]

1. d4 d5 2. Nf3 Nf6 3. c4 c6 4. Qb3 e6 5. g3 dxc4 6. Qxc4 b5 7. Qc2 Bb7 8. Bg2
Nbd7 9. Nc3 c5 10. O-O a6 11. Bg5 Rc8 12. d5 Bxd5 13. Nxd5 exd5 14. e4 dxe4 15.
Rad1 exf3 16. Bh3 Rc7 17. Bxf6 gxf6 18. Qe4+ Be7 19. Rfe1 Kf8 20. Qxf3 Rg8 21.
Qf5 Kg7 22. Re4 Kh8 23. Rh4 Rg6 24. Qh5 h6 25. Bf5 Bf8 26. Bxg6 fxg6 27. Qxg6
Qe7 28. Re4 Ne5 29. Qf5 Qf7 30. Rd8 Kg7 31. Ra8 Ra7 32. Rxa7 Qxa7 33. f4 c4+
34. Kg2 Qd7 35. Rxe5 Qd2+ 36. Kh3 fxe5 37. Qxe5+ Kf7 38. Qh5+ Ke7 39. Qe5+ Kf7
40. Qh5+ Kg8 41. Qg6+ Kh8 42. Qxa6 Qxb2 43. f5 Qe5 44. f6 c3 45. Qc8 Qxf6 0-1

[Event "40 Nezhmetdinov Memorial"]
[Site "Kazan"]
[Date "2018.09.20"]
[Round "8.16"]
[White "Tunik, Gennady"]
[Black "Drygalov, Andrey"]
[Result "0-1"]
[WhiteElo "2367"]
[BlackElo "2465"]
[PlyCount "108"]
[EventDate "2018.09.13"]

1. d4 Nf6 2. c4 e6 3. Nf3 d5 4. g3 Bb4+ 5. Bd2 Be7 6. Bg2 O-O 7. Qc2 Nbd7 8.
O-O c6 9. Rc1 b6 10. a4 Ba6 11. cxd5 cxd5 12. Nc3 Rc8 13. Qd1 Bb7 14. Ne1 Ne4
15. Nd3 Nxd2 16. Qxd2 Nf6 17. e3 Ne4 18. Qe1 Nxc3 19. bxc3 Bc6 20. Ne5 Be8 21.
c4 f6 22. Nd3 Rxc4 23. Rxc4 dxc4 24. Nb2 Bf7 25. Nxc4 Qd7 26. Nb2 Rc8 27. Bf1
Qd5 28. Nd3 g5 29. a5 b5 30. a6 Be8 31. Bg2 Qb3 32. Be4 f5 33. Bb7 Rc2 34. Ne5
Qc3 35. Qxc3 Rxc3 36. Rb1 b4 37. d5 exd5 38. Bxd5+ Kg7 39. Nf3 Kf6 40. Nd4 Rc5
41. Bb7 f4 42. gxf4 gxf4 43. exf4 Rc4 44. Ne2 Bg6 45. Rb3 Bc2 46. Re3 b3 47.
Bd5 b2 48. Re6+ Kf5 49. Bxc4 b1=Q+ 50. Kg2 Bf6 51. Re3 Be4+ 52. f3 Bc2 53. Bd5
Kg6 54. Ng3 Qc1 0-1

[Event "40 Nezhmetdinov Memorial"]
[Site "Kazan"]
[Date "2018.09.20"]
[Round "8.17"]
[White "Frolyanov, Dmitry"]
[Black "Pogorelskikh, Sergey"]
[Result "1/2-1/2"]
[WhiteElo "2532"]
[BlackElo "2202"]
[PlyCount "84"]
[EventDate "2018.09.13"]

1. e4 c5 2. Nf3 d6 3. d4 cxd4 4. Nxd4 Nf6 5. Nc3 a6 6. Be2 e5 7. Nb3 Be7 8. Be3
Be6 9. Nd5 Nbd7 10. Qd3 Bxd5 11. exd5 O-O 12. O-O-O Rc8 13. Kb1 Nb6 14. Bf3 Nc4
15. Bc1 Qc7 16. g4 a5 17. g5 Nd7 18. h4 a4 19. Nd2 Nxd2+ 20. Qxd2 f5 21. gxf6
Bxf6 22. Bg4 e4 23. a3 Ne5 24. Bxc8 Rxc8 25. Qe2 Nc4 26. Qxe4 Nxa3+ 27. bxa3
Qc3 28. Qe6+ Kh8 29. Qxc8+ Qxc8 30. Bb2 Qc5 31. Bxf6 gxf6 32. Rh3 Qb6+ 33. Kc1
Qxf2 34. Rdd3 f5 35. Rhf3 Qe1+ 36. Rd1 Qe5 37. Rdf1 Qa1+ 38. Kd2 Qd4+ 39. Kc1
Qa1+ 40. Kd2 Qd4+ 41. Kc1 Qa1+ 42. Kd2 Qd4+ 1/2-1/2

[Event "40 Nezhmetdinov Memorial"]
[Site "Kazan"]
[Date "2018.09.20"]
[Round "8.18"]
[White "Bogdanov, Nikita"]
[Black "Tsoi, Dmitry"]
[Result "0-1"]
[WhiteElo "2244"]
[BlackElo "2422"]
[PlyCount "148"]
[EventDate "2018.09.13"]

1. e4 e5 2. Nf3 d6 3. d4 exd4 4. Nxd4 Nf6 5. Nc3 Be7 6. h3 O-O 7. g3 Nc6 8.
Nde2 b5 9. Nxb5 Nxe4 10. Bg2 d5 11. Nbc3 Bb4 12. O-O Bxc3 13. Nxc3 Nxc3 14.
bxc3 Ba6 15. Re1 Bc4 16. a4 Qd7 17. Bf4 Rae8 18. Qg4 f5 19. Qf3 Nd8 20. Re3 Re4
21. Qd1 Rxe3 22. Bxe3 a6 23. Rb1 Ne6 24. Rb4 Rd8 25. a5 Bb5 26. Qf3 g6 27. Rb1
Qe7 28. Re1 c6 29. h4 Re8 30. Bb6 Ng5 31. Qe3 Qxe3 32. Bxe3 Nf7 33. Rb1 Nd6 34.
Bf1 Ne4 35. c4 dxc4 36. Rd1 Nxg3 37. Rd4 Ne4 38. Bxc4+ Bxc4 39. Rxc4 c5 40. Bf4
Rc8 41. Be3 Kf7 42. f3 Nf6 43. Rxc5 Rxc5 44. Bxc5 Ke6 45. Kf2 Kd5 46. Be7 Nh5
47. Ke3 Kc4 48. Bd6 Ng7 49. Kf4 Kd5 50. Bb4 Ne6+ 51. Kg3 Nd4 52. c3 Ne2+ 53.
Kf2 Nf4 54. Ke3 Ng2+ 55. Kf2 Nxh4 56. f4 Ke4 57. Kg3 Nf3 58. c4 Nd4 59. c5 Nc6
60. Bd2 Kd3 61. Be1 Kd4 62. Kh4 h6 63. Bd2 Nd8 64. Bb4 Nc6 65. Be1 Kxc5 66. Bc3
Nd8 67. Bg7 Nf7 68. Kg3 Kb4 69. Kf3 Kxa5 70. Ke3 Kb5 71. Kd4 Kc6 72. Bf8 a5 73.
Be7 g5 74. fxg5 hxg5 0-1

[Event "40 Nezhmetdinov Memorial"]
[Site "Kazan"]
[Date "2018.09.20"]
[Round "8.19"]
[White "Garifullina, Leya"]
[Black "Yeletsky, Ivan"]
[Result "0-1"]
[WhiteElo "2053"]
[BlackElo "2388"]
[PlyCount "60"]
[EventDate "2018.09.13"]

1. e4 c5 2. Nf3 e6 3. d4 cxd4 4. Nxd4 Nc6 5. Nc3 Qc7 6. Be3 a6 7. Qd2 Nf6 8. f4
b5 9. e5 Ng4 10. Bg1 Nxd4 11. Bxd4 Bb7 12. Bd3 Nh6 13. O-O-O Rc8 14. Ne4 Nf5
15. Bf2 h5 16. Rhe1 Be7 17. Kb1 Kf8 18. Rc1 Bd5 19. Ng5 g6 20. Be4 Bxe4 21.
Nxe4 Kg7 22. Red1 Qc6 23. Ng3 Nxg3 24. hxg3 Qxg2 25. Qxd7 Rhd8 26. Qxe7 Rxc2
27. Bd4 Rdc8 28. b3 Rxc1+ 29. Rxc1 Qe4+ 30. Kb2 Qe2+ 0-1

[Event "40 Nezhmetdinov Memorial"]
[Site "Kazan"]
[Date "2018.09.20"]
[Round "8.20"]
[White "Gubajdullin, Alexei"]
[Black "Shafigullina, Zarina"]
[Result "1-0"]
[WhiteElo "2358"]
[BlackElo "2242"]
[PlyCount "35"]
[EventDate "2018.09.13"]

1. d4 Nf6 2. Bf4 d5 3. e3 c5 4. c3 Nc6 5. Nd2 Qb6 6. Qb3 c4 7. Qc2 Bg4 8. Be2
e6 9. Bxg4 Nxg4 10. Ngf3 Be7 11. e4 Nf6 12. e5 Nd7 13. h4 h5 14. Ng5 Nf8 15.
Be3 Ng6 16. O-O Bd8 17. b3 cxb3 18. axb3 1-0

[Event "40 Nezhmetdinov Memorial"]
[Site "Kazan"]
[Date "2018.09.20"]
[Round "8.21"]
[White "Cervantes Landeiro, Thalia"]
[Black "Murtazin, Ruslan"]
[Result "1/2-1/2"]
[WhiteElo "2172"]
[BlackElo "2295"]
[PlyCount "80"]
[EventDate "2018.09.13"]

1. d4 Nf6 2. c4 c5 3. d5 e6 4. Nc3 exd5 5. cxd5 d6 6. Nf3 g6 7. e4 Bg7 8. h3 a6
9. a4 Nbd7 10. Bd3 Nh5 11. O-O Ne5 12. Be2 Nxf3+ 13. Bxf3 Qh4 14. Bg4 Be5 15.
Bxc8 Rxc8 16. Qg4 Qxg4 17. hxg4 Nf6 18. g5 Nd7 19. Be3 O-O 20. a5 Rfe8 21. f3
Rb8 22. Ra2 b5 23. axb6 Nxb6 24. Rxa6 Nc4 25. Bc1 Nxb2 26. Ne2 Nc4 27. Ra2 Ra8
28. Rxa8 Rxa8 29. Bf4 Bb2 30. Rb1 Ra6 31. Bc1 Ra1 32. Rxa1 Bxa1 33. Kf1 Kf8 34.
Ke1 Ke7 35. Kd1 Bb2 36. Bf4 Be5 37. Bc1 Kd7 38. Kc2 Kc7 39. Kd3 Na5 40. Bd2 Kb6
1/2-1/2

[Event "40 Nezhmetdinov Memorial"]
[Site "Kazan"]
[Date "2018.09.20"]
[Round "8.22"]
[White "Skatchkov, Valery"]
[Black "Khazieva, Elza"]
[Result "1-0"]
[WhiteElo "2253"]
[BlackElo "2083"]
[PlyCount "65"]
[EventDate "2018.09.13"]

1. d4 Nf6 2. c4 e6 3. Nf3 Bb4+ 4. Nbd2 O-O 5. a3 Bxd2+ 6. Bxd2 Ne4 7. Bf4 b6 8.
e3 Bb7 9. Bd3 d6 10. O-O Nd7 11. b4 Qe7 12. Qc2 f5 13. h3 e5 14. Bh2 a5 15. c5
Bd5 16. c6 Ndf6 17. dxe5 dxe5 18. b5 Nc5 19. Nxe5 Nxd3 20. Qxd3 Be4 21. Qc4+
Bd5 22. Qd4 Kh8 23. Rfd1 Rfd8 24. Qh4 Kg8 25. Nd7 Rxd7 26. cxd7 Qxd7 27. Rac1
Rc8 28. a4 c5 29. bxc6 Rxc6 30. Rxc6 Qxc6 31. Be5 Bxg2 32. Bxf6 gxf6 33. Qg3+
1-0